| 000 | 00805nmm a2200313 a 4500 | ||
|---|---|---|---|
| 003 | AR-BaBNM | ||
| 005 | 20251128205056.0 | ||
| 008 | 216019s1995 ||||||||||||||000 | spa|| | ||
| 020 | _a950-04-1386-8 | ||
| 040 | _cAR-BaBNM | ||
| 100 | 1 | _aRuiz Moreno, Isidoro Jorge | |
| 245 | 1 | 0 |
_aLa Revolución del 55 _n1 |
| 250 | _a3ª ed. | ||
| 260 |
_aBuenos Aires _bEmecé _c1995 |
||
| 300 | 0 |
_a458 p. _bil. |
|
| 500 | 0 | _aIndice de personas: p. 445-458 | |
| 600 | 1 | 4 | _aPerón, Juan Domingo |
| 600 | 1 | 4 | _aToranzo Calderon, Samuel |
| 600 | 0 | 4 |
_aPerón _d1952-1955 |
| 650 | 4 | _aHISTORIA | |
| 650 | 4 | _aPOLITICA | |
| 650 | 4 | _aREVOLUCION DE JUNIO DE 1955 | |
| 650 | 4 | _aIGLESIA Y ESTADO | |
| 650 | 4 | _aCATOLICISMO | |
| 650 | 4 | _aFUERZAS ARMADAS | |
| 651 | 4 | _aArgentina | |
| 942 | _cBK | ||
| 998 | _cEnrique | ||
| 999 |
_c9887 _d9887 |
||